Managing the Web of Things : (Record no. 959)
[ view plain ]
| 000 -LEADER | |
|---|---|
| fixed length control field | 02677nam a22003617a 4500 |
| 005 - DATE AND TIME OF LATEST TRANSACTION | |
| control field | 20240202071403.0 |
| 008 - FIXED-LENGTH DATA ELEMENTS--GENERAL INFORMATION | |
| fixed length control field | 240202b |||||||| |||| 00| 0 eng d |
| 020 ## - INTERNATIONAL STANDARD BOOK NUMBER | |
| International Standard Book Number | 0128097647 |
| Qualifying information | (pbk) |
| 020 ## - INTERNATIONAL STANDARD BOOK NUMBER | |
| International Standard Book Number | 9780128097649 |
| Qualifying information | (pbk) |
| 040 ## - CATALOGING SOURCE | |
| Original cataloging agency | YDX |
| Language of cataloging | eng |
| Transcribing agency | KMU |
| Description conventions | rda |
| Modifying agency | KMU |
| 050 00 - LIBRARY OF CONGRESS CALL NUMBER | |
| Classification number | TK 5105.8857 |
| 245 00 - TITLE STATEMENT | |
| Title | Managing the Web of Things : |
| Remainder of title | linking the real world to the web / |
| Statement of responsibility, etc. | edited by Quan Z. Sheng, Yongrui Qin, Lina Yao, Boualem Benatallah. |
| 264 #1 - PRODUCTION, PUBLICATION, DISTRIBUTION, MANUFACTURE, AND COPYRIGHT NOTICE | |
| Place of production, publication, distribution, manufacture | Cambridge, Massachusetts : |
| Name of producer, publisher, distributor, manufacturer | Morgan Kaufmann Publishers, |
| Date of production, publication, distribution, manufacture, or copyright notice | [2017] |
| 264 #4 - PRODUCTION, PUBLICATION, DISTRIBUTION, MANUFACTURE, AND COPYRIGHT NOTICE | |
| Date of production, publication, distribution, manufacture, or copyright notice | ©2017 |
| 300 ## - PHYSICAL DESCRIPTION | |
| Extent | xviii, 463 pages : |
| Other physical details | illustrations, charts ; |
| Dimensions | 24 cm |
| 336 ## - CONTENT TYPE | |
| Content type term | text |
| Content type code | txt |
| Source | rdacontent |
| 337 ## - MEDIA TYPE | |
| Media type term | unmediated |
| Media type code | n |
| Source | rdamedia |
| 338 ## - CARRIER TYPE | |
| Carrier type term | volume |
| Carrier type code | nc |
| Source | rdacarrier |
| 504 ## - BIBLIOGRAPHY, ETC. NOTE | |
| Bibliography, etc. note | Includes bibliographical references and index. |
| 505 0# - FORMATTED CONTENTS NOTE | |
| Formatted contents note | Ontologies and context modeling for the Web of Things -- The anatomy of an intent based search and crawler engine for the Web of Things -- Modeling RESTful Web of Things services -- A semantic-rich approach to IoT using the generalized world entities paradigm -- Building a Web of Things with avatars -- A WoT testbed for research and course projects -- Using reference architectures for design and evaluation of Web of Things systems -- Efficient and secure pull requests for emergency cases using a mobile access framework -- Automatic integration and querying of semantic rich heterogeneous data -- Building entity graphs for the Web of Things measurement -- Building interoperable and cross-domain semantic Web of Things applications -- Web of Things data storage -- WoX: model driven development of Web of Things applications -- Security issues of the Web of Things -- A Web of fitness "things": an exploration of social impacts & vulnerable populations. |
| 520 ## - SUMMARY, ETC. | |
| Summary, etc. | This book presents a consolidated and holistic coverage of engineering, management, and analytics of the Internet of Things. The web has gone through many transformations, from traditional linking and sharing of computers and documents (i.e., Web of Data), to the current connection of people (i.e., Web of People), and to the emerging connection of billions of physical objects (i.e., Web of Things). |
| 650 #0 - SUBJECT ADDED ENTRY--TOPICAL TERM | |
| Topical term or geographic name entry element | Internet of things. |
| 650 #0 - SUBJECT ADDED ENTRY--TOPICAL TERM | |
| Topical term or geographic name entry element | Computer networks. |
| 650 #7 - SUBJECT ADDED ENTRY--TOPICAL TERM | |
| Topical term or geographic name entry element | Computer networks. |
| Source of heading or term | fast |
| Authority record control number or standard number | (OCoLC)fst00872297 |
| 650 #7 - SUBJECT ADDED ENTRY--TOPICAL TERM | |
| Topical term or geographic name entry element | Internet of things. |
| Source of heading or term | fast |
| Authority record control number or standard number | (OCoLC)fst01894151 |
| 700 1# - ADDED ENTRY--PERSONAL NAME | |
| Personal name | Sheng, Quan Z., |
| Relator term | editor. |
| 700 1# - ADDED ENTRY--PERSONAL NAME | |
| Personal name | Qin, Yongrui, |
| Relator term | editor. |
| 700 1# - ADDED ENTRY--PERSONAL NAME | |
| Personal name | Yao, Lina, |
| Relator term | editor. |
| 700 1# - ADDED ENTRY--PERSONAL NAME | |
| Personal name | Benatallah, Boualem, |
| Relator term | editor. |
| 906 ## - LOCAL DATA ELEMENT F, LDF (RLIN) | |
| a | 7 |
| b | cbc |
| c | copycat |
| d | 2 |
| e | ncip |
| f | 20 |
| g | y-gencatlg |
| 942 ## - ADDED ENTRY ELEMENTS (KOHA) | |
| Source of classification or shelving scheme | Library of Congress Classification |
| Koha item type | Non-Fiction |
| Suppress in OPAC | No |
| Withdrawn status | Lost status | Source of classification or shelving scheme | Damaged status | Not for loan | Collection | Home library | Current library | Shelving location | Date acquired | Source of acquisition | Total Checkouts | Full call number | Barcode | Date last seen | Price effective from | Koha item type |
|---|---|---|---|---|---|---|---|---|---|---|---|---|---|---|---|---|
| Library of Congress Classification | Non-fiction | Kapasa Makasa University | Kapasa Makasa University | Open Access | 02.02.2024 | Book Aid International | TK 5105.8857 Man | 749289 | 05.04.2024 | 02.02.2024 | Non-Fiction |